Feminist theory and the body : a reader

Αποθηκεύτηκε σε:
Λεπτομέρειες βιβλιογραφικής εγγραφής
Άλλοι συγγραφείς: Price, Janet (Επιμελητής έκδοσης), Shildrick, Margrit (Επιμελητής έκδοσης)
Μορφή: Βιβλίο
Γλώσσα:English
Δημοσίευση: Edinburgh : Edinburgh University Press, c1999
Θέματα:
Ετικέτες: Προσθήκη ετικέτας
Δεν υπάρχουν, Καταχωρήστε ετικέτα πρώτοι!

MARC

LEADER 00000nam a2200000 i 4500
001 1/82061
008 050722s1999 eng d
020 |a 0-7486-1089-8 
035 |l 10079427 
040 |a GR-MY-UA  |b gre  |e aacr 
041 0 |a eng 
082 0 |a 306.4  |2 (22) 
245 1 0 |a Feminist theory and the body :  |b a reader /  |c edited by Janet Price and Margrit Shildrick 
260 |a Edinburgh :   |b Edinburgh University Press,   |c c1999 
300 |a viii, 487 σ.;  |c 25 εκ. 
504 |a Περιέχει βιβλιογραφία και ευρετήριο 
650 0 0 |a Feminist theory. 
650 0 0 |a Women  |x Philosophy. 
650 0 0 |a Human body  |x Social aspects. 
650 0 0 |a Human body  |x Symbolic aspects. 
650 0 0 |a Feminism. 
700 1 |a Price, Janet.  |4 edt 
700 1 |a Shildrick, Margrit.  |4 edt 
852 |a INST  |b LESVOS  |e 20050722  |h 306.4 FEM  |p 005100032004  |q 005100032004  |t BK  |y 0 
901 |a BIBL1-2005-2 
909 |a Λ  |b 121763 
920 |a ΕΠΕΑΕΚ ΠΜΣ ΓΥΝΑΙΚΕΣ KAI ΦΥΛΑ  |y ΛΕΣΒΟΣ  |z 2005-06 
970 |z 2005/07/22